LEADER 00970nam0-2200325---450- 001 990009664640403321 005 20130121081539.0 010 $a978-88-467-3088-6 035 $a000966464 035 $aFED01000966464 035 $a(Aleph)000966464FED01 035 $a000966464 100 $a20130114d2011----km-y0itay50------ba 101 0 $aita 102 $aIT 105 $ay-------001yy 200 1 $aHölderlin e la rivoluzione$eil socialismo oggi tra libertā e destino$fClaudio Bazzocchi 210 $aPisa$cETS$d2011 215 $aXVII, 113 p.$d22 cm 225 1 $aPhilosophica$iSerie Arancio$v86 610 0 $aRivoluzione$aConcezione [di] Hölderlin, Friedrich 676 $a321.094$v22$zita 700 1$aBazzocchi,$bClaudio$0518639 801 0$aIT$bUNINA$gREICAT$2UNIMARC 901 $aBK 912 $a990009664640403321 952 $aCollez. 2310 (86)$b48822$fFSPBC 959 $aFSPBC 996 $aHölderlin e la rivoluzione$9838690 997 $aUNINA